banner-ar

الوان العصر / (Record no. 9827)

MARC details
000 -الفاتح
حقل البيانات ثابتة الطول 00955nam a2200313Ia 4500
008 - عناصر البيانات ثابتة الطول - معلومات عامة
حقل البيانات ثابتة الطول 140319s9999 xx 000 0 ara d
020 ## - الرقم الدولى المعيارى للكتب
الرقم الدولى المعيارى للكتاب 9278281977
040 ## - مصدر الفهرسة
وكالة الفهرسة الأصلية GCL /
وكالة النسخ GCL
082 04 - رقم تصنيف ديوى العشرى
رقم التصنيف 759
رقم المادة ف ا
100 1# - المدخل الرئيسى - إسم شخصى
الإسم الشخصى فتحى العشرى
245 10 - بيان العنوان
العنوان الوان العصر /
بيان المسئوليه,etc فتحى العشرى
250 ## - بيان الطبعة
بيان الطبعة الاولى
260 ## - PUBLICATION, DISTRIBUTION, ETC. (IMPRINT)
تاريخ النشر أو التوزيع 2006
300 ## - الوصف المادى
التعداد 77 ص ؛
أبعاد الوعاء 24 سم
650 04 - المدخل الاضافى بالموضوع-مصطلح موضوعى
مصطلح موضوعي اللوحات الفنية
650 04 - المدخل الاضافى بالموضوع-مصطلح موضوعى
مصطلح موضوعي الرسامون - تراجم
650 04 - المدخل الاضافى بالموضوع-مصطلح موضوعى
مصطلح موضوعي بيكاسو، بابلو
650 04 - المدخل الاضافى بالموضوع-مصطلح موضوعى
مصطلح موضوعي الفنون التشكيلية - تراجم
650 04 - المدخل الاضافى بالموضوع-مصطلح موضوعى
مصطلح موضوعي بول ايلوار
650 04 - المدخل الاضافى بالموضوع-مصطلح موضوعى
مصطلح موضوعي بولى كلى
650 04 - المدخل الاضافى بالموضوع-مصطلح موضوعى
مصطلح موضوعي جورج براك
650 04 - المدخل الاضافى بالموضوع-مصطلح موضوعى
مصطلح موضوعي جان ارب
650 04 - المدخل الاضافى بالموضوع-مصطلح موضوعى
مصطلح موضوعي مارك شاجال
650 04 - المدخل الاضافى بالموضوع-مصطلح موضوعى
مصطلح موضوعي جيورجيو دى كيريكو
650 04 - المدخل الاضافى بالموضوع-مصطلح موضوعى
مصطلح موضوعي ماكس ارنست
650 04 - المدخل الاضافى بالموضوع-مصطلح موضوعى
مصطلح موضوعي خوان ميرو
942 ## - عناصر المدخل الإضافي( كوها)
مصدر التصنيف او مخطط الترفيف Dewey Decimal Classification
Koha [default] item type كتاب
260 ## - PUBLICATION, DISTRIBUTION, ETC. (IMPRINT)
-- القاهرة :
-- المكتبة الاكاديمية ،
Holdings
حالة التراجع حالة الفقد حالة تلف ليس للاعارة المكان المؤقت الموقع الحالى تاريخ الاكتساب اجمالي اﻻعارات رقم الطلب الباركود تاريخ اخر مشاهدة تاريخ تفعيل السعر نوع وعاء كوها
        مكتبة القاهرة الكبرى مكتبة القاهرة الكبرى 03/26/2014   759\ف ا 20292 03/26/2014 03/26/2014 كتاب
        مكتبة القاهرة الكبرى مكتبة القاهرة الكبرى 03/26/2014   759\ف ا 20293 03/26/2014 03/26/2014 كتاب

Powered By

EGPV